Prieskum trhu začína byť zážitkový a dynamický
Prieskum trhu - základ úspešného podnikania. Obzvlášť v dnešnej dobe, keď je rôznorodosť a sila jednotlivého zákazníka oveľa väčšia ako pred rokmi a trh je oveľa nasýtenejší ponukou. Je extrémne dôležité mať zmapovaný trh, na ktorom sa pohybujeme a konkurenciu, ktorej čelíme. Okrem poznania situácie...
Salvato in:
| Autore principale: | |
|---|---|
| Natura: | Capitolo di libro |
| Lingua: | slovacco |
| Soggetti: | |
| Tags: |
Nessun Tag, puoi essere il primo ad aggiungerne!!
|
MARC
| LEADER | 00000naa a2200000 4500 | ||
|---|---|---|---|
| 001 | 0225999 | ||
| 005 | 20200304150430.1 | ||
| 041 | 0 | |a slo | |
| 044 | |a CZ | ||
| 245 | 1 | 0 | |a Prieskum trhu začína byť zážitkový a dynamický |c Kristína Raševová |
| 520 | |a Prieskum trhu - základ úspešného podnikania. Obzvlášť v dnešnej dobe, keď je rôznorodosť a sila jednotlivého zákazníka oveľa väčšia ako pred rokmi a trh je oveľa nasýtenejší ponukou. Je extrémne dôležité mať zmapovaný trh, na ktorom sa pohybujeme a konkurenciu, ktorej čelíme. Okrem poznania situácie na trhu je aj poznanie vlastných zákazníkov a spotrebiteľov začiatkom úspechu. Obchodníci aj výrobcovia žiadajú rôzne druhy prieskumov. Na západe sú populárnejšie prieskumy šité na mieru. | ||
| 610 | 2 | 0 | |a prieskum trhu |
| 610 | 2 | 0 | |a spotrebitelia |
| 610 | 2 | 0 | |a Slovensko |
| 610 | 2 | 0 | |a krajiny vyspelé |
| 100 | 1 | |a Raševová, Kristína | |